History Quiz

Random History Quiz

American Historical Documents (slideshow) Quiz Stats

Quiz not verified by Sporcle

Challenge
Share
Tweet
Score 0/17 Timer 07:00
0 Plays Today
% Correct
The Constitution
78.4%
The Declaration of Independence
72.7%
The Emancipation Proclamation
71.7%
The Bill of Rights
64.3%
The Gettysburg Address
57.4%
The Star Spangled Banner
55%
Common Sense
45.2%
Louisiana Purchase
41%
The Federalist Papers
37.9%
% Correct
The Northwest Ordinance
35.6%
The Articles of Confederation
34.4%
The Mayflower Compact
32.6%
Civil Rights Act of 1964
25.7%
The Alien and Sedition Acts
13.7%
Purchase of Alaska
10%
The Missouri Compromise
6.9%
The Treaty of Paris
4.1%

You're not logged in!

Compare scores with friends on all Sporcle quizzes.
Sign Up with Email
OR
Log In

You Might Also Like...

Show Comments

Extras

Editor's Pick Jul 22, 2013ReportNominate
Tags:America, document, Slideshow

Top Quizzes Today


Score Distribution

Your Account Isn't Verified!

In order to create a playlist on Sporcle, you need to verify the email address you used during registration. Go to your Sporcle Settings to finish the process.